Katy Perry Filmography - Statistics

General Stats
  • This quiz has been taken 58 times
    8 since last reset
  • The average score is 16 of 117
Answer Stats
Type Year Name % Correct
TV Show 2010 Extreme Makeover: Home Edition
100%
Film 2011 The Smurfs
63%
Concert Film 2012 Katy Perry: Part of Me
50%
TV Show 2010 The Simpsons
50%
TV Show 2011 How I Met Your Mother
38%
Commercial 2013 2013 MTV Video Music Awards
25%
Award Show 2017 2017 MTV Video Music Awards
25%
Commercial 2015 H&M
25%
Film TBA Melody
25%
Film 2024 Peppa's Cinema Party
25%
TV Show 2010, 2011, 2013, 2017, 2022 Saturday Night Live
25%
Film | Video Game 2013 The Smurfs 2
25%
Film 2016 Zoolander 2
25%
Commercial 2011, 2012 Adidas
13%
Short Film 2017 Allison's Edge
13%
TV Show 2009-2012, 2018-2024 American Idol
13%
TV Show 2011, 2012 America's Best Dance Crew
13%
TV Show 2009 Ant & Dec's Saturday Night Takeaway
13%
Documentary 2021 Billie Eilish: The World's a Little Blurry
13%
TV Show 2008 Boogie
13%
TV Show 2010 Born to Be...
13%
Documentary 2015 Brand: A Second Coming
13%
Commercial 2012 Capital FM
13%
TV Special 2023 Carol Burnett: 90 Years of Laughter + Love
13%
TV Special 2021 Celebrating America: An Inauguration Night Special
13%
Commercial 2017 Citi
13%
TV Show 2014 CMT Crossroads
13%
Commercial 2014-2019 CoverGirl
13%
TV Special 2013 David Blaine: Real or Magic
13%
TV Documentary 2023 Disney 100: A Century of Dreams - A Special Edition of 20/20
13%
TV Special 2021 Dolly Parton: A MusiCares Tribute
13%
Podcast TBA Elizabeth the First
13%
TV Documentary 2010 E! Special: Katy Perry
13%
Web Special 2025 FireAid Benefit Concert
13%
TV Special 2012 FOX's 25th Anniversary Special
13%
TV Show 2010 Germany's Next Topmodel
13%
TV Special 2010 Hope for Haiti Now: A Global Benefit for Earthquake Relief
13%
Documentary 2022 Jazz Fest: A New Orleans Story
13%
TV Mini-Series 2020 Jeopardy! The Greatest of All Time
13%
Documentary 2015 Jeremy Scott: The People's Designer
13%
Documentary 2014 John Mayer: Someday I'll Fly
13%
TV Special 2012 Katy Perry Live Lounge Special
13%
Web Special 2017 Katy Perry Live: Witness World Wide
13%
Documentary 2015 Katy Perry: Making of the Pepsi Super Bowl Halftime Show
13%
TV Special 2024 Katy Perry: Night of a Lifetime
13%
Documentary 2013 Katy Perry: The Outrageous World of Katy Perry
13%
Concert Film 2015 Katy Perry: The Prismatic World Tour
13%
Short Documentary 2015 Katy Perry, the Super Bowl and Satan
13%
Web Series 2017 Katy Perry: Will You Be My Witness?
13%
Commercial 2013 Killer Queen by Katy Perry
13%
TV Show 2013, 2014 Kroll Show
13%
TV Show 2001 Live from Studio B
13%
TV Special 2011, 2012 Macy's 4th of July Fireworks Spectacular
13%
Documentary 2017 Maddman: The Steve Madden Story
13%
TV Special 2016 Madonna: Rebel Heart Tour
13%
TV Special 2011 Make Your Mark: The Ultimate Dance Off - Shake It Up Edition
13%
Documentary Mini-Series 2020 Marielle: The Crime That Shook Brazil
13%
TV Show 2020 Masterchef Australia
13%
Award Show 2008 MTV Europe Music Awards 2008
13%
Award Show 2009 MTV Europe Music Awards 2009
13%
TV Show 2009 MTV Unplugged
13%
TV Show 2008 Music Fair
13%
TV Show 2012 Music Nuggets
13%
TV Show 2007 Musicronik
13%
TV Documentary 2015 Nicki Minaj: My Time Again
13%
TV Special 2012 Night of Too Many Stars: America Comes Together for Autism Programs
13%
TV Special 2017 One Love Manchester
13%
Commercial 2012 Pepsi
13%
Commercial 2010 Proactiv
13%
Commercial 2010 ProSieben
13%
TV Show 2012 Raising Hope
13%
TV Special 2011, 2015 Rock in Rio
13%
TV Show 2017, 2025 RuPaul's Drag Race
13%
TV Show 2025 RuPaul's Drag Race: Untucked!
13%
TV Show 2008, 2013 Schlag den Raab
13%
TV Show 2008 Sound
13%
TV Show 2008 Star Academy
13%
TV Special 2015 Super Bowl XLIX Halftime Show Starring Katy Perry
13%
Award Show 2010 Teen Choice Awards 2010
13%
TV Special 2020 The Disney Family Singalong: Volume II
13%
TV Special 2020 The Disney Holiday Singalong
13%
Documentary 2016 The First Monday in May
13%
Commercial 2021 The Gap
13%
TV Special 2014 The Night That Changed America: A Grammy Salute to the Beatles
13%
TV Show 2020 The Rookie
13%
TV Show 2017 The Voice
13%
TV Show 2010, 2011, 2013 The X Factor UK
13%
TV Show 2008 The Young and the Restless
13%
Commercial 2015 Toyota Yaris
13%
Short Film 2021 Transmissions from the Future
13%
TV Special 2010 VH1 Divas Salute the Troops
13%
TV Show 2010 Walmart Soundcheck
13%
TV Show 2010 Wanna Bet?
13%
TV Show 2009 Who Wants to Be a Millionaire
13%
TV Show 2008 Wildfire
13%
TV Show 2010, 2013 X Factor (Italy)
13%
TV Film 2016 Zoolander: Super Model
13%
TV Show 2019 American Housewife
0%
Web Series 2017 Best Cover Ever
0%
TV Show 2012 Caldeirão do Huck
0%
TV Show 2017 Circus Halligalli
0%
Documentary Series 2020 Disney Insider
0%
Commercial 2023 Dulce & Gabbana
0%
TV Show 2024 Estrela de Casa
0%
TV Special 2011 Hard Rock Cafe Presents
0%
TV Special 2024 iHeartRadio Jingle Ball
0%
TV Documentary 2014 Katy Perry: Getting Intimate
0%
Documentary 2021 Katy Perry: Sweet Dreams
0%
TV Special TBA Katy Perry: The Lifetime Tour - Live from Paris
0%
TV Show 2012 Pânico na Band
0%
TV Show 2010 Pop Profiles
0%
Commercial 2013 Porchips
0%
TV Show 2011 SmapxSmap
0%
TV Special 2010 The 12th Annual 'Home for the Holidays'
0%
TV Special 2008 The Big Fat Quiz of Everything
0%
TV Special 2017 The Late Late Show Primetime Carpool Karaoke Special
0%
No matching quizzes found
Score Distribution
Percent of People with Each Score
Percentile by Number Answered
Your Score History
You have not taken this quiz since the last reset